LIBRARY & INFORMATION CENTRE, KCAET, TAVANUR

ONLINE PUBLIC ACCESS CATALOGUE (OPAC)

Ground Improvement with Geo synthatics / (Record no. 818)

MARC details
000 -LEADER
fixed length control field 00533cam a2200193ua 4500
003 - CONTROL NUMBER IDENTIFIER
control field OSt
008 - FIXED-LENGTH DATA ELEMENTS--GENERAL INFORMATION
fixed length control field 260213b |||||||| |||| 00| 0 eng d
041 ## - LANGUAGE CODE
Language code of text/sound track or separate title eng
082 ## - DEWEY DECIMAL CLASSIFICATION NUMBER
Classification number 631.45
Item number VAR/GR
100 ## - MAIN ENTRY--AUTHOR NAME
Personal name Varma, C V J .
245 ## - TITLE STATEMENT
Title Ground Improvement with Geo synthatics /
260 ## - PUBLICATION, DISTRIBUTION, ETC. (IMPRINT)
Place of publication India :
Name of publisher Committee for International Geotextiles society ana C B I ,
Year of publication 1995.
300 ## - PHYSICAL DESCRIPTION
Number of Pages 135 ; .
500 ## - GENERAL NOTE
General note ** Reference
700 1# - ADDED ENTRY--PERSONAL NAME
Personal name Rao, A R G .
700 1# - ADDED ENTRY--PERSONAL NAME
Personal name Rao, G V .
942 ## - ADDED ENTRY ELEMENTS (KOHA)
Koha item type Books
Holdings
Withdrawn status Lost status Damaged status Home library Current library Date acquired Full call number Accession Number Koha item type
      KAUAET KAUAET 07/04/2012 631.45 20256 Reference
free website counter